书目信息 |
| 题名: |
国际贸易理论与政策
|
|
| 作者: | 张海波 , 李汉君 , 陈忠 主编 | |
| 分册: | ||
| 出版信息: | 北京 清华大学出版社 2017 |
|
| 页数: | 304页 | |
| 开本: | 26cm | |
| 丛书名: | ||
| 单 册: | ||
| 中图分类: | F740 , F741 | |
| 科图分类: | ||
| 主题词: | 国际贸易理论--高等学校--教材 , 国际贸易政策--高等学校--教材 | |
| 电子资源: | ||
| ISBN: | 978-7-302-48215-4 | |
| 000 | 01182nam0 2200277 450 | |
| 001 | 2343769118 | |
| 005 | 20231221120950.31 | |
| 010 | @a978-7-302-48215-4@d53.80CNY | |
| 100 | @a20171019d2017 em y0chiy0120 ea | |
| 101 | 0 | @achi |
| 102 | @aCN@b110000 | |
| 105 | @ay z 000yy | |
| 200 | 1 | @a国际贸易理论与政策@Aguo ji mao yi li lun yu zheng ce@b专著@f张海波,李汉君,陈忠主编 |
| 210 | @a北京@c清华大学出版社@d2017 | |
| 215 | @a304页@d26cm | |
| 300 | @a普通高等院校“十三五”规划教材 | |
| 330 | @a本书紧扣国际贸易中的热点问题,吸收和借鉴国内外同行的研究成果,从国际贸易理论与国际贸易政策两个方面,深入系统地介绍了国际分工、世界市场与世界市场价格,古典国际贸易理论,新古典国际贸易理论,保护贸易理论,当代国际贸易理论,国际贸易政策,关税措施,非关税措施,出口鼓励与出口管制措施,国际贸易体制,国际服务贸易,国际投资与跨国公司,以及区域经济一体化等内容。 | |
| 606 | 0 | @a国际贸易理论@x高等学校@j教材 |
| 606 | 0 | @a国际贸易政策@x高等学校@j教材 |
| 690 | @aF740@v5 | |
| 690 | @aF741@v5 | |
| 701 | 0 | @a张海波@Azhang hai bo@4主编 |
| 701 | 0 | @a李汉君@Ali han jun@f(1957~)@4主编 |
| 701 | 0 | @a陈忠@Achen zhong@4主编 |
| 801 | 2 | @aCN@b辽宁北配@c20231205 |
| 905 | @aBZT@dF740@e17 | |
| 国际贸易理论与政策/张海波,李汉君,陈忠主编.-北京:清华大学出版社,2017 |
| 304页;26cm |
| 普通高等院校“十三五”规划教材 |
| ISBN 978-7-302-48215-4:53.80CNY |
| 本书紧扣国际贸易中的热点问题,吸收和借鉴国内外同行的研究成果,从国际贸易理论与国际贸易政策两个方面,深入系统地介绍了国际分工、世界市场与世界市场价格,古典国际贸易理论,新古典国际贸易理论,保护贸易理论,当代国际贸易理论,国际贸易政策,关税措施,非关税措施,出口鼓励与出口管制措施,国际贸易体制,国际服务贸易,国际投资与跨国公司,以及区域经济一体化等内容。 |
| ● |
| 相关链接 |
|
|
|
正题名:国际贸易理论与政策
索取号:F740/17
 
预约/预借
| 序号 | 登录号 | 条形码 | 馆藏地/架位号 | 状态 | 备注 |
| 1 | 2001682830 | 2001682830 | 第四书库/164/ [索取号:F740/17] | 在馆 | |
| 2 | 2001682831 | 2001682831 | 第四书库/164/ [索取号:F740/17] | 在馆 | |
| 3 | 2001682832 | 2001682832 | 第四书库/164/ [索取号:F740/17] | 在馆 | |
| 4 | 2001682833 | 2001682833 | 第四书库/164/ [索取号:F740/17] | 在馆 | |
| 5 | 2001682834 | 2001682834 | 第四书库/164/ [索取号:F740/17] | 在馆 | |
| 6 | 2001682835 | 2001682835 | 第四书库/164/ [索取号:F740/17] | 在馆 | |
| 7 | 2001682836 | 2001682836 | 第四书库/164/ [索取号:F740/17] | 在馆 | |
| 8 | 2001682837 | 2001682837 | 第四书库/164/ [索取号:F740/17] | 在馆 | |
| 9 | 2001682838 | 2001682838 | 第四书库/164/ [索取号:F740/17] | 在馆 | |
| 10 | 2001682839 | 2001682839 | 第四书库/164/ [索取号:F740/17] | 在馆 | |
| 11 | 2001682840 | 2001682840 | 第四书库/164/ [索取号:F740/17] | 在馆 | |
| 12 | 2001682841 | 2001682841 | 第四书库/164/ [索取号:F740/17] | 在馆 | |
| 13 | 2001682842 | 2001682842 | 第四书库/164/ [索取号:F740/17] | 在馆 | |
| 14 | 2001682843 | 2001682843 | 第四书库/164/ [索取号:F740/17] | 在馆 | |
| 15 | 2001682844 | 2001682844 | 第四书库/164/ [索取号:F740/17] | 在馆 | |
| 16 | 2001682845 | 2001682845 | 第四书库/164/ [索取号:F740/17] | 在馆 | |
| 17 | 2001682846 | 2001682846 | 第四书库/164/ [索取号:F740/17] | 在馆 | |
| 18 | 2001682847 | 2001682847 | 第四书库/164/ [索取号:F740/17] | 在馆 | |
| 19 | 2001682848 | 2001682848 | 第四书库/164/ [索取号:F740/17] | 在馆 | |
| 20 | 2001682849 | 2001682849 | 第四书库/164/ [索取号:F740/17] | 在馆 | |
| 21 | 2001682850 | 2001682850 | 第四书库/164/ [索取号:F740/17] | 在馆 | |
| 22 | 2001682851 | 2001682851 | 第四书库/164/ [索取号:F740/17] | 在馆 | |
| 23 | 2001682852 | 2001682852 | 第四书库/164/ [索取号:F740/17] | 在馆 | |
| 24 | 2001682853 | 2001682853 | 516书库/ [索取号:F740/17] | 在馆 | |
| 25 | 2001682854 | 2001682854 | 516书库/ [索取号:F740/17] | 在馆 | |
| 26 | 2001682855 | 2001682855 | 516书库/ [索取号:F740/17] | 在馆 |